Ring theory and algebra
Sparad:
| Huvudupphovsman: | |
|---|---|
| Materialtyp: | Bok |
| Språk: | engelska |
| Publicerad: |
Nueva York
Marcel Dekker
1980
|
| Serie: | Pure and Applied Mathematics
|
| Ämnen: | |
| Taggar: |
Lägg till en tagg
Inga taggar, Lägg till första taggen!
|
MARC
| LEADER | 00000nam a2200000 a 4500 | ||
|---|---|---|---|
| 001 | UCQ9469 | ||
| 003 | CL-VaPUC | ||
| 005 | 20240118131215.0 | ||
| 008 | 990112e19800000us 1 eng d | ||
| 082 | 0 | 4 | |a 512.4 |b MCD |2 21 |
| 100 | 1 | |a McDonald, Bernard R |e author |9 619267 | |
| 245 | 1 | 0 | |a Ring theory and algebra |
| 260 | |a Nueva York |b Marcel Dekker |c 1980 | ||
| 300 | |a 422 p | ||
| 490 | 0 | |a Pure and Applied Mathematics | |
| 583 | |a last modification |c 19990112 00:00:00 |k Rodrigo Vera | ||
| 650 | 0 | 0 | |a Teoría de anillos |9 342207 |
| 650 | 0 | 0 | |a Anillos |9 374316 |
| 650 | 0 | 7 | |a CAMPOS |2 CL-VaPUC |9 422158 |
| 650 | 0 | 0 | |a Módulos |9 356144 |
| 650 | 0 | 7 | |a GRUPOS |2 CL-VaPUC |9 336429 |
| 650 | 0 | 7 | |a IDEALES |2 CL-VaPUC |9 422392 |
| 650 | 0 | 0 | |a Congresos |9 257560 |
| 942 | |c BK | ||
| 945 | |a crobeson |d 19990112 00:00:00 | ||
| 546 | |a En Inglés | ||
| 518 | |p Oklahoma Conference, 3, 15 al 17 de marzo de 1979 | ||
| 999 | |c 383328 |d 383326 | ||
| 952 | |0 0 |1 0 |4 0 |6 512_400000000000000_MCD_1980 |7 0 |8 A |9 505419 |a BIBMAT |b BIBMAT |d 2020-01-23 |i 1315005 |o 512.4 MCD 1980 |p 1315005 |r 2025-01-07 |w 2020-01-23 |y BK |k MAT | ||